La composante narrative des controverses politiques et médiatiques (notice n° 1660370)
[ vue normale ]
| 000 -LEADER | |
|---|---|
| fixed length control field | 02149cam a2200181 4500500 |
| 005 - DATE AND TIME OF LATEST TRANSACTION | |
| control field | 20260208013549.0 |
| 041 ## - LANGUAGE CODE | |
| Language code of text/sound track or separate title | fre |
| 042 ## - AUTHENTICATION CODE | |
| Authentication code | dc |
| 100 10 - MAIN ENTRY--PERSONAL NAME | |
| Personal name | Terzi, Cédric |
| Relator term | author |
| 245 00 - TITLE STATEMENT | |
| Title | La composante narrative des controverses politiques et médiatiques |
| 260 ## - PUBLICATION, DISTRIBUTION, ETC. | |
| Date of publication, distribution, etc. | 2005.<br/> |
| 500 ## - GENERAL NOTE | |
| General note | 22 |
| 520 ## - SUMMARY, ETC. | |
| Summary, etc. | Les controverses politiques et médiatiques revêtent un indéniable caractère narratif. Celui-ci s’avère cependant irréductible aux récits énoncés par leurs protagonistes et par les observateurs qui en rendent compte. Pour l’analyser, il convient d’élucider l’organisation temporelle que le débat manifeste dans le cours même de son déroulement, et dont la structure d’intrigue projette la possibilité et l’attente de récits potentiels. Cette piste de recherche exploratoire est mobilisée pour étudier un article de journal quotidien, publié à l’occasion d’un référendum sur la procréation médicalement assistée. Il en ressort quelques propositions programmatiques pour une analyse praxéologique du travail politique réalisé par les discours médiatiques. |
| 520 ## - SUMMARY, ETC. | |
| Summary, etc. | THE NARRATIVE COMPONENT OF POLITICAL AND MEDIA CONTROVERSIES For a praxeological analysis of collective actions and mobilizations Political and media controversies are of an unquestionably narrative nature yet one that cannot be reduced to the statements made by the protagonists and by the observers who report on them. To analyse that nature we need to clarify the temporal organization manifested in the course of the debate, and of which the structure of intrigue projects the possibility and expectation of potential narratives. The authors have mobilized this exploratory research approach to study an article in a daily newspaper, published during a referendum on medically assisted procreation. They conclude with propositions for a praxeological analysis of political work performed by media discourse. |
| 700 10 - ADDED ENTRY--PERSONAL NAME | |
| Personal name | Bovet, Alain |
| Relator term | author |
| 786 0# - DATA SOURCE ENTRY | |
| Note | Réseaux | 132 | 4 | 2005-08-01 | p. 111-132 | 0751-7971 |
| 856 41 - ELECTRONIC LOCATION AND ACCESS | |
| Uniform Resource Identifier | <a href="https://shs.cairn.info/revue-reseaux1-2005-4-page-111?lang=fr&redirect-ssocas=7080">https://shs.cairn.info/revue-reseaux1-2005-4-page-111?lang=fr&redirect-ssocas=7080</a> |
Pas d'exemplaire disponible.




Réseaux sociaux